|
|
|
|
| LEADER |
01157nam a2200289 a 4500 |
| 001 |
2004 |
| 003 |
BD-DhAAL |
| 005 |
20151103112321.0 |
| 008 |
151101s1995 bg 000 0 beno |
| 010 |
|
|
|a 96904455
|
| 020 |
|
|
|z 98481540002
|
| 040 |
|
|
|a DLC
|c DLC
|d BD-DhAAL
|
| 050 |
0 |
0 |
|a DS393.83.H54
|b D47 1995
|
| 082 |
|
|
|a 305.6/945/05492
|
| 245 |
0 |
0 |
|a দেশ ত্যাগ : সাম্প্রতিক ভাবনা/
|c সম্পাদনা, সালাম আজাদ.
|
| 260 |
|
|
|a ঢাকা :
|b সাস পাবলিকেশন্স,
|c ১৯৯৫.
|
| 300 |
|
|
|a ৭৯ পৃ. ;
|c ২২ সে.মি.
|
| 520 |
|
|
|a Articles on Hindus and ethnic relations in Bangladesh.
|
| 541 |
|
|
|e 2004
|
| 546 |
|
|
|a In Bengali.
|
| 650 |
|
0 |
|a Hindus
|z Bangladesh.
|9 15867
|
| 650 |
|
0 |
|a Communalism
|z Bangladesh.
|9 2251
|
| 651 |
|
0 |
|a Bangladesh
|x Ethnic relations.
|9 15868
|
| 700 |
1 |
|
|a আজাদ,সালাম,
|d 1964-
|9 15869
|
| 942 |
|
|
|2 ddc
|c BK
|
| 999 |
|
|
|c 35982
|d 35982
|
| 952 |
|
|
|0 0
|1 0
|2 ddc
|4 0
|6 305_600000000000000_945_05492_DES
|7 0
|9 56534
|a SCL
|b SCL
|c GEN
|d 2015-11-01
|g 60.00
|l 0
|o 305.694505492 DES
|p 3020002004
|r 2015-11-01
|t 1
|w 2015-11-01
|y BK
|